[Event "4NCL/Div4/HAL vs. ATH1"]
[Site "Sunningdale ENG"]
[Date "2007.05.27"]
[Round "10.5"]
[White "Bull, Philip"]
[Black "McKeown, Paul"]
[Result "1/2-1/2"]
[WhiteElo "1915"]
[BlackElo "2074"]
[PlyCount "82"]
[EventDate "2007.05.27"]
[EventType "team"]
[EventRounds "11"]
[EventCountry "ENG"]
[WhiteTeam "Halesowen"]
[BlackTeam "Athenaeum 1"]

1. d4 d5 2. e3 Nf6 3. Bd3 Bg4 4. f3 Bh5 5. Nd2 e6 6. c3 Bg6 7. Qe2 Bxd3 8. Qxd3
c5 9. f4 Nc6 10. Ngf3 Be7 11. O-O O-O 12. Ne5 Nd7 13. Nxc6 bxc6 14. Rf3 a5 15.
Rh3 f5 16. Nf3 c4 17. Qe2 Nf6 18. Ne5 Qb6 19. Qe1 Ra7 20. Qh4 g6 21. g4 Bd8 22.
g5 Nh5 23. Qf2 {=} a4 24. Qe2 Rg7 25. Qc2 Qb5 26. Bd2 Rb7 27. Rd1 Bc7 28. Nd7
Re8 29. Rxh5 gxh5 30. Nf6+ Kf7 31. Nxe8 Kxe8 32. Bc1 Bd8 33. Qe2 Rf7 34. Qxh5
a3 35. Rd2 Qa5 36. h4 axb2 37. Bxb2 Qxa2 38. Qd1 Rb7 39. Qh5+ Rf7 40. Rg2 Qb1+
41. Kh2 Qe1 1/2-1/2

[Event "4NCL/Div4/HAL vs. ATH1"]
[Site "Sunningdale ENG"]
[Date "2007.05.27"]
[Round "10.6"]
[White "Kay, Jonathan"]
[Black "Uddin, Moin"]
[Result "1-0"]
[WhiteElo "2000"]
[BlackElo "1835"]
[PlyCount "47"]
[EventDate "2007.05.27"]
[EventType "team"]
[EventRounds "11"]
[EventCountry "ENG"]
[WhiteTeam "Athenaeum 1"]
[BlackTeam "Halesowen"]

1. e4 d5 2. exd5 Nf6 3. c4 e6 4. dxe6 Bxe6 5. Nc3 Nc6 6. Nf3 Qe7 7. Be2 Bxc4 8.
O-O Bxe2 9. Nxe2 O-O-O 10. d4 h6 11. Bf4 g5 12. Be5 Nxe5 13. Nxe5 Bg7 14. Qa4
Rd6 15. Rac1 Nd5 16. Qxa7 Bxe5 17. dxe5 Qxe5 18. Qc5 Rhd8 19. Nd4 Qf6 20. Nb5
Rc6 21. Na7+ Kd7 22. Qxd5+ Rd6 23. Qxb7 Ke8 24. Nc6 1-0

[Event "4NCL/Div4/KSP vs. SCS1"]
[Site "Sunningdale ENG"]
[Date "2007.05.27"]
[Round "10.1"]
[White "Healey, Michael"]
[Black "Lutton, E Josiah"]
[Result "1/2-1/2"]
[WhiteElo "2012"]
[BlackElo "2080"]
[PlyCount "40"]
[EventDate "2007.05.27"]
[EventType "team"]
[EventRounds "11"]
[EventCountry "ENG"]
[WhiteTeam "King supp Pawn"]
[BlackTeam "S C Stars 1"]

1. b3 e5 2. Bb2 Nc6 3. e3 d6 4. g3 f5 5. Bg2 Nf6 6. Ne2 Be7 7. d4 e4 8. d5 Ne5
9. Na3 O-O 10. Nc4 Nxc4 11. bxc4 Nd7 12. h4 Bf6 13. Bxf6 Qxf6 14. Qd4 Ne5 15.
O-O b6 16. Rab1 a5 17. Nc3 Ba6 18. Nb5 Rf7 19. f4 Ng4 20. Qxf6 Nxf6 1/2-1/2

[Event "4NCL/Div4/KSP vs. SCS1"]
[Site "Sunningdale ENG"]
[Date "2007.05.27"]
[Round "10.2"]
[White "Lutton, J Arnold"]
[Black "Davies, Matthew"]
[Result "0-1"]
[WhiteElo "1901"]
[BlackElo "1960"]
[PlyCount "92"]
[EventDate "2007.05.27"]
[EventType "team"]
[EventRounds "11"]
[EventCountry "ENG"]
[WhiteTeam "S C Stars 1"]
[BlackTeam "King supp Pawn"]

1. e4 e6 2. d4 d5 3. e5 c5 4. Nf3 Nc6 5. Bd3 cxd4 6. O-O Bd7 7. Bf4 Nge7 8.
Nbd2 Ng6 9. Bg3 Be7 10. Re1 Rc8 11. Nb3 Qb6 12. a3 a6 13. Re2 O-O 14. Qd2 Bd8
15. Rae1 Na5 16. Nfxd4 Nxb3 17. Nxb3 Ba4 18. Re3 Bg5 19. f4 Nxf4 20. Bf2 Nxd3
21. Qxd3 Bxe3 22. Rxe3 Qb5 23. Qd2 Bxb3 24. Rxb3 Qc4 25. Rc3 Qe4 26. Rd3 f6 27.
c3 fxe5 28. Re3 Qf5 29. Qe1 e4 30. Rg3 Rf7 31. Bd4 Rcf8 32. h3 Qf1+ 33. Qxf1
Rxf1+ 34. Kh2 R8f7 35. a4 Ra1 36. b3 Ra3 37. b4 Rxa4 38. h4 Kf8 39. h5 Ra2 40.
h6 gxh6 41. Kh3 Ke8 42. Rg4 Rd2 43. Rg3 Rd3 44. Kh4 Rxg3 45. Kxg3 Kd7 46. Kh4
Kc6 0-1

[Event "4NCL/Div4/KSP vs. SCS1"]
[Site "Sunningdale ENG"]
[Date "2007.05.27"]
[Round "10.3"]
[White "Zhu, Yao Yao"]
[Black "Scarry, Herbert"]
[Result "1-0"]
[WhiteElo "2000"]
[BlackElo "1812"]
[PlyCount "76"]
[EventDate "2007.05.27"]
[EventType "team"]
[EventRounds "11"]
[EventCountry "ENG"]
[WhiteTeam "King supp Pawn"]
[BlackTeam "S C Stars 1"]

1. e4 c6 2. d4 d5 3. Nc3 dxe4 4. Nxe4 Bf5 5. Ng3 Bg6 6. Nf3 Nd7 7. Bc4 e6 8.
Bf4 Ngf6 9. Qe2 Be7 10. Bb3 O-O 11. Nh4 c5 12. Nxg6 hxg6 13. O-O-O cxd4 14.
Rxd4 Qb6 15. Rdd1 Nc5 16. Bc4 Na4 17. c3 Rac8 18. Bb3 Nc5 19. Bc2 a5 20. h4
Rfd8 21. Rxd8+ Rxd8 22. h5 gxh5 23. Nxh5 Rd5 24. Be5 Qa6 25. Qe3 Nd3+ 26. Bxd3
Qxd3 27. Qxd3 Rxd3 28. Bd4 e5 29. Kc2 e4 30. Nf4 Rxd4 31. cxd4 Bd6 32. Nh3 Ng4
33. Re1 f5 34. f3 exf3 35. gxf3 Nf6 36. Re6 Bb8 37. Rb6 Ba7 38. Rb5 Bxd4 1-0

[Event "4NCL/Div4/KSP vs. SCS1"]
[Site "Sunningdale ENG"]
[Date "2007.05.27"]
[Round "10.4"]
[White "Clarke, Sean A"]
[Black "Smith, Stuart"]
[Result "1-0"]
[WhiteElo "1800"]
[BlackElo "1690"]
[PlyCount "61"]
[EventDate "2007.05.27"]
[EventType "team"]
[EventRounds "11"]
[EventCountry "ENG"]
[WhiteTeam "S C Stars 1"]
[BlackTeam "King supp Pawn"]

1. Nf3 Nc6 2. d4 d5 3. c4 e6 4. Nc3 Nf6 5. Bg5 h6 6. Bh4 g5 7. Bg3 Bb4 8. e3
Ne4 9. Qc2 Nxg3 10. hxg3 Qf6 11. a3 Bxc3+ 12. Qxc3 Bd7 13. b4 Ne7 14. Bd3 c6
15. Ne5 Qg7 16. a4 f6 17. Nf3 Rb8 18. c5 a6 19. Kd2 Ng6 20. Qc2 Kf7 21. Qc3
Rbe8 22. b5 axb5 23. axb5 cxb5 24. Rhb1 Ra8 25. Bxb5 Bxb5 26. Rxb5 Rab8 27. Ra7
Kg8 28. c6 Qc7 29. Raxb7 Rxb7 30. Rxb7 Qc8 31. c7 1-0

[Event "4NCL/Div4/KSP vs. SCS1"]
[Site "Sunningdale ENG"]
[Date "2007.05.27"]
[Round "10.5"]
[White "Griffiths, Hywel"]
[Black "Hardy-Wallace, Daniel"]
[Result "1/2-1/2"]
[WhiteElo "1619"]
[BlackElo "1815"]
[PlyCount "146"]
[EventDate "2007.05.27"]
[EventType "team"]
[EventRounds "11"]
[EventCountry "ENG"]
[WhiteTeam "King supp Pawn"]
[BlackTeam "S C Stars 1"]

1. f4 d5 2. Nf3 Nf6 3. g3 c5 4. Bg2 Nc6 5. O-O g6 6. d3 Bg7 7. c3 O-O 8. Re1
Qc7 9. e4 dxe4 10. dxe4 Rd8 11. Qe2 b6 12. e5 Nd5 13. Be3 Bb7 14. Nbd2 a5 15.
a4 Ba6 16. Qf2 Ra7 17. Bf1 Bxf1 18. Kxf1 Qc8 19. Kg2 Rad7 20. Ne4 Qb7 21. Bxc5
bxc5 22. Nxc5 Qa7 23. Nxd7 Qxf2+ 24. Kxf2 Rxd7 25. Red1 Bf8 26. Nd4 Nxd4 27.
Rxd4 e6 28. Ke2 Rb7 29. Rd2 Kg7 30. Kd3 h5 31. Re1 Rd7 32. Kc2 Rc7 33. Rd3 Bc5
34. Kb1 Rb7 35. Ka2 Kf8 36. Re4 Ke7 37. h4 Rb8 38. Rc4 Ba7 39. Ka3 Rb7 40. b4
axb4+ 41. cxb4 Nxb4 42. Rxb4 Bc5 43. Rdb3 Kd7 44. a5 Bxb4+ 45. Rxb4 Ra7 46. Ka4
Kc6 47. Rb6+ Kc5 48. Rd6 Rb7 49. a6 Rb1 50. Rd7 Ra1+ 51. Kb3 Rg1 52. a7 Rxg3+
53. Ka2 Rg2+ 54. Ka3 Rg1 55. Kb2 Rg2+ 56. Kc3 Ra2 57. Rxf7 Kb6 58. Rf6 Kxa7 59.
Rxe6 Ra4 60. Rf6 Kb7 61. Kd3 Kc7 62. Ke3 Ra3+ 63. Ke4 Ra4+ 64. Kd5 Kd7 65. Rxg6
Rxf4 66. e6+ Ke8 67. Kd6 Rd4+ 68. Ke5 Rxh4 69. Rh6 Ra4 70. Kf6 Rf4+ 71. Kg5 Rf1
72. Rxh5 Ke7 73. Rh6 Rg1+ 1/2-1/2

[Event "4NCL/Div4/KSP vs. SCS1"]
[Site "Sunningdale ENG"]
[Date "2007.05.27"]
[Round "10.6"]
[White "Lowry-O'Reilly, Johannah"]
[Black "Parry, Matthew"]
[Result "0-1"]
[WhiteElo "1410"]
[BlackElo "1677"]
[PlyCount "36"]
[EventDate "2007.05.27"]
[EventType "team"]
[EventRounds "11"]
[EventCountry "ENG"]
[WhiteTeam "S C Stars 1"]
[BlackTeam "King supp Pawn"]

1. d4 d5 2. Bg5 c6 3. e3 Nf6 4. Bxf6 exf6 5. Nc3 Bd6 6. Bd3 Be6 7. Qf3 Qd7 8.
e4 dxe4 9. Qxe4 Qe7 10. Nf3 Nd7 11. Na4 f5 12. Qe2 b5 13. Nc3 a6 14. a3 f6 15.
Nh4 g6 16. Qe3 f4 17. Qe4 f5 18. Qxc6 Bd5+ 0-1

[Event "4NCL/Div4/OXF3 vs. WEA2"]
[Site "Sunningdale ENG"]
[Date "2007.05.27"]
[Round "10.1"]
[White "Burt, Will"]
[Black "Galliano, Alex"]
[Result "1-0"]
[WhiteElo "2060"]
[BlackElo "2083"]
[PlyCount "33"]
[EventDate "2007.05.27"]
[EventType "team"]
[EventRounds "11"]
[EventCountry "ENG"]
[WhiteTeam "Oxford 3"]
[BlackTeam "W Collective 2"]

1. e4 e5 2. f4 Bc5 3. Nf3 d6 4. d4 exd4 5. Bd3 Nf6 6. h3 O-O 7. O-O Qe7 8. e5
Nd5 9. Ng5 h6 10. Qh5 dxe5 11. fxe5 Ne3 12. Rf6 Nc6 13. Rxh6 gxh6 14. Qxh6 f5
15. Bxe3 dxe3 16. Bc4+ Rf7 17. Qh7+ 1-0

[Event "4NCL/Div4/OXF3 vs. WEA2"]
[Site "Sunningdale ENG"]
[Date "2007.05.27"]
[Round "10.2"]
[White "Bayliss, Lyall C P"]
[Black "Terry, Sean"]
[Result "0-1"]
[WhiteElo "1981"]
[BlackElo "2040"]
[PlyCount "62"]
[EventDate "2007.05.27"]
[EventType "team"]
[EventRounds "11"]
[EventCountry "ENG"]
[WhiteTeam "W Collective 2"]
[BlackTeam "Oxford 3"]

1. e4 c5 2. c3 e6 3. d4 d5 4. e5 Nc6 5. Nf3 Bd7 6. Be3 Qc7 7. Na3 a6 8. Be2
Nge7 9. O-O c4 10. Nc2 Ng6 11. Ng5 f6 12. exf6 gxf6 13. Nh3 Bd6 14. f4 Nce7 15.
Bh5 Nf5 16. g4 Nxe3 17. Nxe3 O-O-O 18. Ng2 e5 19. dxe5 fxe5 20. f5 e4 21. Qxd5
Bxh2+ 22. Kh1 Qg3 23. Qxc4+ Bc6 24. Qe6+ Kb8 25. Nhf4 Rhe8 26. Qxe8 Bxe8 27.
fxg6 hxg6 28. Bxg6 Bc6 29. Rae1 e3 30. Re2 Qh4 31. Nd3 Bg3+ 0-1

[Event "4NCL/Div4/OXF3 vs. WEA2"]
[Site "Sunningdale ENG"]
[Date "2007.05.27"]
[Round "10.3"]
[White "Hadi, Justin"]
[Black "Lunn, Matt"]
[Result "1-0"]
[WhiteElo "1925"]
[BlackElo "1865"]
[PlyCount "95"]
[EventDate "2007.05.27"]
[EventType "team"]
[EventRounds "11"]
[EventCountry "ENG"]
[WhiteTeam "Oxford 3"]
[BlackTeam "W Collective 2"]

1. e4 c6 2. d4 d5 3. exd5 cxd5 4. c4 Nf6 5. Nc3 e6 6. Nf3 Nc6 7. cxd5 exd5 8.
Bg5 Be7 9. Be2 O-O 10. O-O Be6 11. Ne5 Nd7 12. Nxc6 bxc6 13. Bxe7 Qxe7 14. Bf3
Nf6 15. Na4 Bf5 16. Rc1 Qd6 17. Nc5 Rab8 18. b3 Nd7 {=} 19. Bg4 Bxg4 20. Qxg4
Nxc5 21. Rxc5 Rfe8 22. Qg3 Qxg3 23. hxg3 Re6 {=} 24. Rfc1 Rb6 25. Rxd5 Kf8 26.
Ra5 Re7 27. Kf1 Rb5 28. Rxb5 cxb5 29. Rc8+ Re8 30. Rxe8+ Kxe8 31. Ke2 Kd7 32.
Ke3 f5 33. f3 h6 34. g4 fxg4 35. fxg4 Ke6 36. Ke4 g6 37. d5+ Kd6 38. Kd4 b4 39.
Kc4 a6 40. Kd4 h5 41. gxh5 gxh5 42. g3 Kd7 43. Ke5 a5 44. Kd4 Kd6 45. Kc4 Kc7
46. Kb5 Kd6 47. Kxa5 Kc5 48. d6 1-0

[Event "4NCL/Div4/OXF3 vs. WEA2"]
[Site "Sunningdale ENG"]
[Date "2007.05.27"]
[Round "10.4"]
[White "Maguire, Robert"]
[Black "Levicki, Jeffrey"]
[Result "1/2-1/2"]
[WhiteElo "1795"]
[BlackElo "1853"]
[PlyCount "76"]
[EventDate "2007.05.27"]
[EventType "team"]
[EventRounds "11"]
[EventCountry "ENG"]
[WhiteTeam "W Collective 2"]
[BlackTeam "Oxford 3"]

1. e4 c5 2. Nf3 e6 3. d4 cxd4 4. Nxd4 Nf6 5. Nc3 d6 6. g4 d5 7. Bg5 dxe4 8.
Nxe4 Qa5+ 9. Qd2 Qxd2+ 10. Nxd2 Nxg4 11. Bh3 Bc5 12. Bxg4 Bxd4 13. O-O-O O-O
14. Ne4 Nc6 15. Bf3 h6 16. Bd2 Ne5 17. Be2 Nc6 18. Bb5 Bd7 19. Rhg1 Kh7 20. c3
Rac8 21. Bxh6 Rfd8 22. Rxd4 Kxh6 23. Bxc6 Bxc6 24. Nd6 Kh7 25. Nxc8 Rxc8 26.
Rdg4 g6 27. Rh4+ Kg7 28. Rhg4 Kh7 29. R4g3 Rd8 30. Rd1 Rc8 31. Rd6 Kg7 32. Rh3
Bg2 33. Rh4 Bc6 34. Rdd4 Re8 {=} 35. Rd3 Re7 36. Re3 Rd7 37. c4 Ba4 38. b3 Bc6
1/2-1/2

[Event "4NCL/Div4/OXF3 vs. WEA2"]
[Site "Sunningdale ENG"]
[Date "2007.05.27"]
[Round "10.5"]
[White "Zhang, Marco"]
[Black "Jones, Laurence"]
[Result "1/2-1/2"]
[WhiteElo "1890"]
[BlackElo "1810"]
[PlyCount "88"]
[EventDate "2007.05.27"]
[EventType "team"]
[EventRounds "11"]
[EventCountry "ENG"]
[WhiteTeam "Oxford 3"]
[BlackTeam "W Collective 2"]

1. e4 c5 2. d4 cxd4 3. c3 dxc3 4. Nxc3 e6 5. Nf3 a6 6. Bc4 Nc6 7. Bf4 b5 8. Bb3
Bb7 9. O-O Nge7 10. Bd6 Nc8 11. Bxf8 Kxf8 12. Qe2 Nb6 13. Rfd1 Qe7 14. e5 Na5
15. Bc2 Rc8 16. Ne4 Rc7 17. Nd6 Bxf3 18. gxf3 Qg5+ 19. Kh1 g6 20. Qe4 Kg7 21.
f4 Qe7 22. Rg1 f5 23. Qe2 Rf8 24. Bd3 Nac4 25. Rac1 Rc6 26. Bxc4 Nxc4 27. Nxc4
bxc4 28. Rxc4 Rfc8 29. Rgc1 a5 30. Rxc6 Rxc6 31. Rxc6 dxc6 32. Qc4 Qd7 33. Qa4
Qd5+ 34. Kg1 Kh6 35. b4 axb4 36. Qxb4 Qxa2 37. Qf8+ Kh5 38. Qe7 Qb1+ 39. Kg2
Qe4+ 40. f3 Qxf4 41. Qxe6 Qd2+ 42. Kh3 Qc3 43. Kg2 Qd2+ 44. Kh3 Qc3 1/2-1/2

[Event "4NCL/Div4/OXF3 vs. WEA2"]
[Site "Sunningdale ENG"]
[Date "2007.05.27"]
[Round "10.6"]
[White "Galliano, George"]
[Black "Henbest, Kevin B"]
[Result "0-1"]
[WhiteElo "1580"]
[BlackElo "1800"]
[PlyCount "146"]
[EventDate "2007.05.27"]
[EventType "team"]
[EventRounds "11"]
[EventCountry "ENG"]
[WhiteTeam "W Collective 2"]
[BlackTeam "Oxford 3"]

1. e4 c5 2. Nf3 d6 3. d4 cxd4 4. Nxd4 Nf6 5. Nc3 a6 6. Be3 e5 7. Nf3 Be6 8. Be2
Qc7 9. Qd3 b5 10. O-O Bc4 11. Qd2 Bxe2 12. Qxe2 Nbd7 13. Rad1 Be7 14. a3 O-O
15. Bg5 Rac8 16. Rd2 Qc4 17. Re1 Rfe8 18. Bxf6 Nxf6 19. Ng5 Qxe2 20. Rexe2 Nh5
21. Nf3 Nf4 22. Re3 Red8 23. Nd5 Nxd5 24. exd5 f5 25. Rde2 Rc5 26. Rd3 Bf6 27.
Rdd2 e4 28. Nd4 Rxd5 29. Nc6 Rxd2 30. Rxd2 Rd7 31. b3 Bb2 32. Nb8 Rd8 33. Nc6
Rd7 34. Nb8 Rb7 35. Nxa6 Bxa3 36. b4 Rb6 37. Nc7 Bxb4 38. Rd5 Rc6 39. Nxb5 Rxc2
40. g3 Rc5 41. Rxc5 Bxc5 42. Nc3 Kf7 43. Kf1 Ke6 44. Ke2 g5 45. f3 d5 46. Nb5
h5 47. Nc7+ Kd6 48. Ne8+ Ke5 49. Ng7 h4 50. Nh5 hxg3 51. hxg3 d4 52. f4+ gxf4
53. gxf4+ Ke6 54. Ng7+ Kf6 55. Ne8+ Kg6 56. Nc7 Bd6 57. Ne6 d3+ 58. Ke3 Kf6 59.
Nd4 Bc5 60. Kd2 Bxd4 61. Kd1 e3 62. Ke1 d2+ 63. Ke2 Kg6 64. Kd1 Kh5 65. Ke2 Kg4
66. Kd1 Kf3 67. Kc2 Ke2 68. Kb1 d1=Q+ 69. Ka2 Qc2+ 70. Ka3 Qb2+ 71. Ka4 Bc5 72.
Ka5 Qb4+ 73. Ka6 Qb6# 0-1

[Event "4NCL/Div4/WEA1 vs. BCA"]
[Site "Sunningdale ENG"]
[Date "2007.05.27"]
[Round "10.1"]
[White "Fryer, David W"]
[Black "Mordue, A Tyson"]
[Result "0-1"]
[WhiteElo "2076"]
[BlackElo "2292"]
[PlyCount "90"]
[EventDate "2007.05.27"]
[EventType "team"]
[EventRounds "11"]
[EventCountry "ENG"]
[WhiteTeam "W Collective 1"]
[BlackTeam "Braille C A"]

1. e4 c5 2. Nc3 Nc6 3. g3 g6 4. Bg2 Bg7 5. d3 d6 6. Be3 e5 7. Qd2 Be6 8. Nd1
Qd7 9. c3 h6 10. Ne2 Bh3 11. Bxh3 Qxh3 12. f3 Nge7 13. Nf2 Qd7 14. O-O h5 15.
d4 cxd4 16. cxd4 exd4 17. Nxd4 Ne5 18. Qe2 d5 19. Rad1 O-O 20. Nb3 Qe6 21. Nc5
Qc6 22. Rc1 dxe4 23. Ncxe4 Qe6 24. Ng5 Qxa2 25. Rc7 Nf5 26. Rxb7 Rab8 27. Rxa7
Qxb2 28. Qxb2 Rxb2 29. Bc1 Rb3 30. f4 Nf3+ 31. Nxf3 Rxf3 32. Kg2 Rb3 33. Re1
Rc8 34. Ne4 h4 35. g4 h3+ 36. Kh1 Nh6 37. Nd6 Rd8 38. g5 Rxd6 39. gxh6 Bxh6 40.
Ra8+ Kh7 41. Ba3 Rf6 42. Bc5 Rxf4 43. Ree8 Bg7 44. Rg8 Rb1+ 45. Bg1 Rxg1+ 0-1

[Event "4NCL/Div4/WEA1 vs. BCA"]
[Site "Sunningdale ENG"]
[Date "2007.05.27"]
[Round "10.2"]
[White "Ross, Chris"]
[Black "Grant, David"]
[Result "1-0"]
[WhiteElo "2135"]
[BlackElo "1914"]
[PlyCount "90"]
[EventDate "2007.05.27"]
[EventType "team"]
[EventRounds "11"]
[EventCountry "ENG"]
[WhiteTeam "Braille C A"]
[BlackTeam "W Collective 1"]

1. d4 Nf6 2. Nf3 g6 3. Nc3 d5 4. Bf4 Bg7 5. Qd2 O-O 6. Bh6 Ne4 7. Nxe4 dxe4 8.
Bxg7 Kxg7 9. Ng5 Qd5 10. h4 h6 11. Nh3 e5 12. e3 Nc6 13. c4 Qd6 14. d5 Ne7 15.
O-O-O c6 16. dxc6 Qxc6 17. Kb1 Be6 18. Qb4 Rfd8 19. Be2 Nf5 20. h5 Rac8 21.
hxg6 f6 22. b3 Kxg6 23. g4 Nd6 24. Rc1 a5 25. Qxa5 Ra8 26. Qb4 Qa6 27. Rc2 Qc6
28. Ng1 Rac8 29. f4 exf3 30. Bxf3 e4 31. Be2 Nf7 32. Nh3 Ne5 33. Nf4+ Kg7 34.
Qe7+ Bf7 35. Nh5+ Kg6 36. Nxf6 Rd6 37. g5 Rxf6 38. Qxe5 hxg5 39. Bh5+ Kg7 40.
Qxg5+ Bg6 41. Bxg6 Rxg6 42. Qe7+ Kg8 43. Qh7+ Kf8 44. Rf2+ Ke8 45. Qf7+ Kd8 1-0

[Event "4NCL/Div4/WEA1 vs. BCA"]
[Site "Sunningdale ENG"]
[Date "2007.05.27"]
[Round "10.3"]
[White "Salimbeni, George"]
[Black "Loftus, Sean"]
[Result "1-0"]
[WhiteElo "1890"]
[BlackElo "1905"]
[PlyCount "101"]
[EventDate "2007.05.27"]
[EventType "team"]
[EventRounds "11"]
[EventCountry "ENG"]
[WhiteTeam "W Collective 1"]
[BlackTeam "Braille C A"]

1. e4 c5 2. c3 Nf6 3. e5 Nd5 4. d4 cxd4 5. Nf3 e6 6. cxd4 Bb4+ 7. Nbd2 O-O 8.
a3 Bxd2+ 9. Bxd2 d6 10. Bd3 f5 11. exf6 Nxf6 12. Qb3 Nc6 13. O-O Bd7 14. Bc3
Rb8 15. Rae1 Nd5 16. Bc4 Nf4 17. d5 exd5 18. Bxd5+ Kh8 19. Bd2 Nxd5 20. Qxd5
Bg4 21. Ng5 Qf6 22. Bc3 Qg6 23. f4 Rf5 24. Qc4 d5 25. Qb3 d4 26. Bd2 Rff8 27.
g3 h6 28. Nf3 Bxf3 29. Rxf3 Qf7 30. Qxf7 Rxf7 31. b4 a6 32. Rd3 b5 33. Re6 Rc8
34. Be1 Rd7 35. Bf2 Kg8 36. Kg2 Kf7 37. Re4 Rcd8 38. g4 Kf6 39. Bh4+ g5 40.
fxg5+ hxg5 41. Rf3+ Kg7 42. Bxg5 d3 43. Bxd8 d2 44. Rf1 d1=Q 45. Rxd1 Rxd1 46.
Bg5 Rd3 47. Re6 Nd4 48. Rxa6 Nc2 49. h4 Nxa3 50. h5 Nc4 51. h6+ 1-0

[Event "4NCL/Div4/WEA1 vs. BCA"]
[Site "Sunningdale ENG"]
[Date "2007.05.27"]
[Round "10.4"]
[White "Cole, Tristram C"]
[Black "Woods, Tim"]
[Result "0-1"]
[WhiteElo "1960"]
[BlackElo "1860"]
[PlyCount "54"]
[EventDate "2007.05.27"]
[EventType "team"]
[EventRounds "11"]
[EventCountry "ENG"]
[WhiteTeam "Braille C A"]
[BlackTeam "W Collective 1"]

1. e4 d6 2. d4 Nf6 3. Nc3 g6 4. Be3 c6 5. Qd2 b5 6. f3 Nbd7 7. Bd3 Nb6 8. b3 e5
9. dxe5 dxe5 10. Nge2 Bg7 11. O-O O-O 12. Rad1 Qe7 13. Ng3 Rd8 14. Qf2 Qc7 15.
h3 Nbd7 16. Nce2 Re8 17. c4 a6 18. Rc1 Qa5 19. Nc3 b4 20. Na4 Qd8 21. Rcd1 a5
22. Be2 Qe7 23. Rd2 h5 24. Rfd1 h4 25. Nf1 Nh5 26. Nc5 Nxc5 27. Bxc5 Qg5 {
remaining moves illegible ... if the players want to contact the webmaster
with the correct moves,he'llfixit} 0-1

[Event "4NCL/Div4/WEA1 vs. BCA"]
[Site "Sunningdale ENG"]
[Date "2007.05.27"]
[Round "10.5"]
[White "Squibbs, Adam"]
[Black "Waters, Roger G"]
[Result "1/2-1/2"]
[WhiteElo "1635"]
[BlackElo "1755"]
[PlyCount "108"]
[EventDate "2007.05.27"]
[EventType "team"]
[EventRounds "11"]
[EventCountry "ENG"]
[WhiteTeam "W Collective 1"]
[BlackTeam "Braille C A"]

1. c4 Nf6 2. Nc3 g6 3. g3 Bg7 4. Bg2 O-O 5. a3 e6 6. d3 d5 7. cxd5 exd5 8. Rb1
c6 9. Nf3 Nbd7 10. O-O b5 11. Qc2 a5 12. Nd4 Bb7 13. h3 a4 14. Na2 Qb6 15. Be3
c5 16. Nf3 Rac8 17. b3 axb3 18. Qxb3 d4 19. Bf4 Bd5 20. Qb2 Bc6 21. Nc1 Ra8 22.
Nb3 Ra4 23. Rfc1 Rfa8 24. Bd6 Bf8 25. Bxf8 Rxf8 26. Rc2 b4 27. axb4 Rxb4 28.
Nfd2 Ba4 29. Rc4 Rb8 30. Rxb4 Qxb4 31. Qa2 c4 32. Nxd4 Qc5 33. Rxb8+ Nxb8 34.
Qxa4 Qxd4 35. Nxc4 Qd8 36. Qa7 Nbd7 37. Qa1 Qe7 38. Qa2 Kg7 39. Qb2 Kg8 40. Qc3
Qxe2 41. Nd6 Qe7 42. Qa3 Qe1+ 43. Bf1 Qe5 44. Qa8+ Kg7 45. Nc4 Qd4 46. Qa2 Kg8
{=} 47. Qb2 Qc5 48. d4 Qc6 49. Ne3 Qe6 50. Qb5 Qe4 51. Qb2 Nh5 52. Bg2 Qe6 53.
d5 Qd6 54. Kh2 Qc5 1/2-1/2

[Event "4NCL/Div4/WEA1 vs. BCA"]
[Site "Sunningdale ENG"]
[Date "2007.05.27"]
[Round "10.6"]
[White "Kirkham, Mark"]
[Black "Fryer, Keiran"]
[Result "1-0"]
[WhiteElo "1570"]
[BlackElo "1465"]
[PlyCount "51"]
[EventDate "2007.05.27"]
[EventType "team"]
[EventRounds "11"]
[EventCountry "ENG"]
[WhiteTeam "Braille C A"]
[BlackTeam "W Collective 1"]

1. d4 d5 2. c4 e6 3. Nc3 Nf6 4. Bg5 h6 5. Bh4 c6 6. Nf3 Nbd7 7. e3 Bd6 8. Bd3
dxc4 9. Bxc4 O-O 10. e4 e5 11. dxe5 Nxe5 12. Nxe5 Bxe5 13. Qc2 g5 14. Bg3 Bxg3
15. hxg3 Ng4 16. Bd3 b6 17. O-O-O Bb7 18. Be2 Qc8 19. Bxg4 Qxg4 20. Rxh6 c5 21.
Rdd6 Rad8 22. e5 Rfe8 23. Qh7+ Kf8 24. Qh8+ Ke7 25. Qf6+ Kf8 26. Rh8# 1-0

[Event "4NCL/Div4/NOTT2 vs. PONTY"]
[Site "Sunningdale ENG"]
[Date "2007.05.27"]
[Round "10.1"]
[White "Wright, Antony J"]
[Black "Perrett, David"]
[Result "0-1"]
[WhiteElo "2020"]
[BlackElo "2072"]
[PlyCount "70"]
[EventDate "2007.05.27"]
[EventType "team"]
[EventRounds "11"]
[EventCountry "ENG"]
[WhiteTeam "Notts 2"]
[BlackTeam "Pontypridd"]

1. d4 f5 2. c4 Nf6 3. Nc3 g6 4. Nf3 Bg7 5. Bf4 d6 6. Qc2 c6 7. h4 Qa5 8. Bd2
Qc7 9. e3 Na6 10. Be2 e5 11. a3 Ne4 12. Rc1 Nxd2 13. Qxd2 e4 14. Ng5 Qe7 15. g3
Nc7 16. b4 O-O 17. Qa2 h6 18. Nh3 g5 19. hxg5 hxg5 20. Qc2 Bd7 21. Rb1 Rac8 22.
Qd2 b6 23. Bd1 d5 24. c5 Ne6 25. cxb6 axb6 26. Na4 Ra8 27. Nxb6 Rxa3 28. Qc1
Ra6 29. Nxd7 Qxd7 30. Kf1 Qd6 31. Kg2 f4 32. Bg4 fxg3 33. Bxe6+ Qxe6 34. fxg3
Qg4 35. Qd1 Ra2+ 0-1

[Event "4NCL/Div4/NOTT2 vs. PONTY"]
[Site "Sunningdale ENG"]
[Date "2007.05.27"]
[Round "10.2"]
[White "Davies, Peter L"]
[Black "Thompson, Brian"]
[Result "1/2-1/2"]
[WhiteElo "1993"]
[BlackElo "2000"]
[PlyCount "40"]
[EventDate "2007.05.27"]
[EventType "team"]
[EventRounds "11"]
[EventCountry "ENG"]
[WhiteTeam "Pontypridd"]
[BlackTeam "Notts 2"]

1. d4 Nf6 2. Nf3 g6 3. g3 Bg7 4. Bg2 O-O 5. O-O d6 6. c4 c6 7. Nc3 Nbd7 8. Qc2
Re8 9. b3 e5 10. e3 exd4 11. Nxd4 Nc5 12. Bb2 Qc7 13. Rad1 Ne6 14. Nf3 Nc5 15.
Nd4 Bg4 16. Rd2 Qd7 17. b4 Ne6 18. Nf3 Bf5 19. Qd1 Rad8 20. Qb3 Qc7 1/2-1/2

[Event "4NCL/Div4/NOTT2 vs. PONTY"]
[Site "Sunningdale ENG"]
[Date "2007.05.27"]
[Round "10.3"]
[White "Kingston, Ian"]
[Black "James, Dai"]
[Result "1-0"]
[WhiteElo "1965"]
[BlackElo "1994"]
[PlyCount "63"]
[EventDate "2007.05.27"]
[EventType "team"]
[EventRounds "11"]
[EventCountry "ENG"]
[WhiteTeam "Notts 2"]
[BlackTeam "Pontypridd"]

1. e4 e6 2. d4 d5 3. Nc3 dxe4 4. Nxe4 Nd7 5. Bd3 Ngf6 6. Qe2 Be7 7. Nf3 Nxe4 8.
Bxe4 Nf6 9. Bxb7 Bxb7 10. Qb5+ Qd7 11. Qxb7 O-O 12. O-O a6 13. Qb3 Rfd8 14. c3
c5 15. Bf4 Rac8 16. dxc5 Bxc5 17. Rad1 Qa7 18. Rxd8+ Rxd8 19. Bg5 Rb8 20. Qc2
Qb7 21. Bxf6 gxf6 22. b4 Be7 23. Qb3 Rc8 24. a3 Bf8 25. c4 a5 26. Rb1 Rb8 27.
b5 Bc5 28. Ne1 a4 29. Qxa4 Ra8 30. Qd1 Rxa3 31. Rb3 Ra2 32. Rg3+ 1-0

[Event "4NCL/Div4/NOTT2 vs. PONTY"]
[Site "Sunningdale ENG"]
[Date "2007.05.27"]
[Round "10.4"]
[White "Robinson, David"]
[Black "Taylor, Robert P"]
[Result "1-0"]
[WhiteElo "1973"]
[BlackElo "2003"]
[PlyCount "33"]
[EventDate "2007.05.27"]
[EventType "team"]
[EventRounds "11"]
[EventCountry "ENG"]
[WhiteTeam "Pontypridd"]
[BlackTeam "Notts 2"]

1. e4 e5 2. Bc4 d6 3. Nc3 Nf6 4. d3 Be7 5. f4 c6 6. Nf3 Nbd7 7. O-O h6 8. Qe1
exf4 9. Bxf4 O-O 10. Kh1 b5 11. Bb3 Nc5 12. e5 Nh5 13. exd6 Bxd6 14. Bxd6 Qxd6
15. Ne4 Nxe4 16. Qxe4 Rd8 17. Bxf7+ 1-0